| 000 | 00491nam a22001697a 4500 | ||
|---|---|---|---|
| 003 | BD-DhUL | ||
| 005 | 20180201100531.0 | ||
| 008 | 180201s1963 pk ||||| |||| 00| 0 urd d | ||
| 040 |
_aBD-DhUL _cBD-DhUL |
||
| 082 |
_a140 _bSHJ |
||
| 100 | 1 | _aشریف، محمد | |
| 245 | 1 |
_aجمالیات کے تین نظریے / _cمحمد شریف |
|
| 260 |
_aلاهور : _bمجلس ترقی ادب, _c۱۹۶۳۔ |
||
| 300 |
_aص۔ ۲۲۶ ؛ _c۲۴ سم۔ |
||
| 650 | 0 | _aPhilosophy | |
| 942 |
_2ddc _cBK |
||
| 999 |
_c237709 _d237709 |
||